000 00631nam a2200229Ia 4500
003 OSt
005 20220926002528.0
006 a|||||r|||| 00| 0
007 ta
008 220923b |||||||| |||| 00| 0 eng d
037 _cGeneral Book
040 _aRTL
_cRTL
_beng
041 _2eng
_aeng
082 _aV2,8.N8, M4
100 _aKhanna K K
_9121759
245 0 _aBureaucratic blunder world
_b A behavioural profile
260 _a New Delhi
_bNational
_c1984
300 _ax, 175p
_ccm.
650 _aBureaucracy India
942 _hV2,8.N8, M4
_cGB
_2CC
999 _c605336
_d605336